000 01359cam a2200145 4500500
005 20260329023138.0
041 _afre
042 _adc
100 1 0 _aBarthélémy, Sophie
_eauthor
700 1 0 _aBilheran, Ariane
_eauthor
245 0 0 _aLe délire
260 _bArmand Colin,
_c2007.
520 _aLe délire fait peur, car il renvoie à la folie. Mais qu’est-ce qu’un délire ? Est-il possible de le définir sans jugement de valeur ? Peut-on le considérer comme un processus psychique à part entière ? Et, surtout, comment l’identifier ? Après une présentation historique et culturelle de la notion de délire, les auteures proposent une description des différents types de délire, puis s’interrogent sur les processus psychiques qui les sous-tendent. Elles analysent les liens du délire à la réalité, à la rationalité, mais aussi au langage et à la créativité. Enfin, des pistes thérapeutiques sont suggérées, pour aider les sujets délirants à sortir de leur détresse et de leur souffrance. Ce livre sera d’une aide précieuse pour les étudiants en psychologie, les travailleurs sociaux, les professionnels de santé, mais aussi pour toute personne désireuse de s’informer sérieusement sur cette question.
856 4 1 _uhttps://shs.cairn.info/le-delire--9782200351656?lang=fr&redirect-ssocas=7080
999 _c1925050
_d1925050